Sanat - "Jos sulla on toinen" - Taikapeili - Statistics

Yleistilastot
  • Tätä visaa on pelattu 152 kertaa
  • Keskiarvotulos 61 / 125
Vastaustilastot
Sanat % Oikein
Jos
100%
on
98%
Sulla
98%
sulla
98%
toinen
98%
toinen...
98%
en
93%
En
93%
sen
90%
tietää
89%
ennen
87%
kaupunki
87%
Koko
87%
mua
78%
ja
60%
sua
55%
54%
tunnustaa?
47%
45%
45%
Ei
44%
soittaa
44%
Kun
43%
kun
43%
Mikset
43%
vaan
40%
naisen
39%
Oot
39%
kanssa
38%
toisen
38%
Toisen
38%
uskalla
38%
kertoi
35%
sut
35%
saa
34%
sun
34%
enää
33%
Sanoit
33%
yksin
33%
Frendi
32%
koulututtuja
32%
Näki
32%
ootte
32%
Vanhoja
32%
ystäviä
32%
illalla
31%
kuulin
31%
uutisen
31%
kotona
30%
puhelinvastaajaa
29%
kiinni
28%
Olitko
28%
soitin
28%
Tänään
28%
vain
28%
jäät
27%
kaa
26%
että
24%
jaksa
24%
me
24%
muita
24%
nää
24%
rakastaa
24%
kieroa
23%
peliä
23%
Pelaatko
22%
kavereittes
21%
kiireitä
21%
mulle
21%
Iltaisin
19%
usko
18%
rakastat
17%
älä
16%
päivisinkään
15%
suudeltiin
15%
ystävää
15%
ainiaan
14%
ihmeisiin
13%
uskoit
13%
uskon
13%
aikaa
12%
kerroin
12%
hetken
11%
juorut
11%
Nauroit
11%
Viivyit
11%
ruusuja
9%
toit
9%
Aamulla
8%
Ehtoja vastaavia visoja ei löytynyt
Tulosjakauma
Jokaisen tuloksen saaneiden osuus
Persentiili vastausten määrän mukaan
Tuloshistoriasi
Et ole pelannut tätä visaa